000 00207nam a22001097a 4500
082 _a001
_bRAT/W
245 _aWE LOVE BAPU
260 _bRATNASAGAR
300 _a72
650 _aREFRENCE
_zKERALA
942 _cBK
999 _c1846
_d1846